000 00462nam a2200181Ia 4500
001 11058
005 20260306161918.0
008 260306t2007||||xx |||||||||||||| ||spa||
041 _aESP
082 _a985.004
_bA37
100 _aAlcalde, Maria Cristina
_eAUT
245 0 _aVisión del Perú de académicos peruanos en Estados Unidos
260 _c2007
300 _a136 páginas :
_c26 cm.
650 _aGEN
654 _aCHU
942 _cLIB
_dJUS
_fJUS
_2ddc
_n
999 _c11058
_d11058